000 00600nam a2200193Ia 4500
003 OSt
005 20241004112249.0
008 210210b1987 xxu||||| |||| 00| 0 eng d
040 _cAL
041 _aKannada
082 _aK894.1 GOPC
100 _aGOPALAKRASHNA ADIGA (M).
_9132085
_dಗೋಪಾಲಕೃಷ್ಣ ಅಡಿಗ (ಎಂ)
245 _aChintamaniyalli kanda mukha.
_bಚಿಂತಾಮಣಿಯಲ್ಲಿ ಕಂಡ ಮುಖ
260 _aBengaluru
_bPraja Printars Privet Limited
_c1987
300 _a58
690 _aKannada Poetry
_9132086
906 _a040021
942 _2ddc
_cBK
999 _c89710
_d89710